00334nam a22001337a 4500003001200000005001700012008004100029040001200070082001700082100001600099245005000115260000900165650002600174NUST - PNEC20170116181116.0151004b xxu||||| |||| 00| 0 eng d cLIBRARY a954.9183 RAZ aRaza, Hanif akarachi: the show window of SindcRaza, Hanif c1970 bKarachixGeneral book